Contabilidad (Registro nro. 1704)

Detalles MARC
000 -LEADER
fixed length control field 01221 a2200229 4500
001 - CONTROL NUMBER
control field 28371
005 - DATE AND TIME OF LATEST TRANSACTION
control field 20260407155555.0
008 - FIXED-LENGTH DATA ELEMENTS--GENERAL INFORMATION
fixed length control field 260407a1985 arg spa d
003 - CONTROL NUMBER IDENTIFIER
control field AR-UNSa-BCEJYS
040 ## - CATALOGING SOURCE
Original cataloging agency AR-UNSa-BCEJYS
Language of cataloging spa
Transcribing agency AR-UNSa-BCEJYS
080 ## - UNIVERSAL DECIMAL CLASSIFICATION NUMBER
Universal Decimal Classification number 657
Common auxiliary subdivision Contabilidad
020 ## - INTERNATIONAL STANDARD BOOK NUMBER
International Standard Book Number 968-451-601-0
100 1# - MAIN ENTRY--PERSONAL NAME
Personal name Guajardo Cantú, Gerardo
245 10 - TITLE STATEMENT
Title Contabilidad
264 #1 - PRODUCTION, PUBLICATION, DISTRIBUTION, MANUFACTURE, AND COPYRIGHT NOTICE
Place of production, publication, distribution, manufacture México :
Name of producer, publisher, distributor, manufacturer McGraw-Hill
Date of production, publication, distribution, manufacture, or copyright notice 1985
300 ## - PHYSICAL DESCRIPTION
Extent 590 p.
Dimensions 25 cm.
505 ## - FORMATTED CONTENTS NOTE
Formatted contents note 1. Introducción al sistema contable - 2. El ciclo contable - 3. El proceso de registro y clasificación - 4. Asientos ajuste - 5. Ciclo contable y estados financieros - 6. Contabilidad para una empresa comercial - 7. Diarios mayores especiales - 8. Efectivo e inversiones en valores negociables - 9. Cuentas y docuementos por cobrar y por pagar - 10. Inventarios - 11. Inversiones a largo plazo - 12. Inmuebles, planta y equipos - 13. Intangibles - 14. Pasivo a largo plazo - 15. Contabilidad de sociedades - 16. Capital contable - 17. Efectos de la inflación sobre la información financiera - 18. Estado de flujo de efectivo.
590 ## - LOCAL NOTE (RLIN)
Local note niveau_biblio:m niveau_hierar:0
700 1# - ADDED ENTRY--PERSONAL NAME
Personal name Woltz, Phebe M.
700 1# - ADDED ENTRY--PERSONAL NAME
Personal name Arlen, Richard T.
942 ## - ADDED ENTRY ELEMENTS (KOHA)
Koha item type
Existencias
Withdrawn status Lost status Damaged status Not for loan Home library Current library Shelving location Date acquired Total checkouts Full call number Barcode Date last seen Price effective from Koha item type
        Biblioteca Prof. Eusebio Cleto del Rey Biblioteca Prof. Eusebio Cleto del Rey   07/04/2026   657 G896 L45442 07/04/2026 07/04/2026 Libro